Violencia, desigualdades y estrategias discursivas: tema central
Збережено в:
| Формат: | Книга |
|---|---|
| Мова: | Spanish |
| Теги: |
Додати тег
Немає тегів, Будьте першим, хто поставить тег для цього запису!
|
MARC
| LEADER | 00000nam a22000007a 4500 | ||
|---|---|---|---|
| 003 | cru CIDCACS/IIS | ||
| 005 | 20181128154200.0 | ||
| 007 | ta | ||
| 008 | 181128t2016 cr ||||| |||| 00| 0 spa d | ||
| 999 | |c 41928 |d 41928 | ||
| 040 | |c cru CIDCACS/IIS | ||
| 245 | |a Violencia, desigualdades y estrategias discursivas: |b tema central | ||
| 300 | |a 234 páginas: |b tablas, mapas, ilustraciones | ||
| 773 | 0 | |0 19040 |9 2456 |a Universidad de Costa Rica. |d San José, Cost Rica : CIICLA 2002- |o 18980 |t Cuadernos Inter-c-a-mbio sobre Centroamérica y el Caribe / | |
| 942 | |2 ddc |c PP | ||
